[Event "Cologne Longerich op-B 11th"]
[Site "Cologne"]
[Date "2014.08.03"]
[Round "4"]
[White "Gail, Edgar"]
[Black "Lin, David"]
[Result "1-0"]
[WhiteElo "1538"]
[BlackElo "1146"]
[PlyCount "77"]
[EventDate "2014.08.01"]
[EventType "swiss"]
[EventRounds "5"]
[EventCountry "GER"]
[SourceTitle "EXT 2022"]
[Source "ChessBase"]
[SourceDate "2021.10.06"]
[SourceVersion "1"]
[SourceVersionDate "2021.10.06"]
[SourceQuality "1"]

1. e4 c5 2. Nf3 d6 3. d4 cxd4 4. Nxd4 Nf6 5. Nc3 g6 6. Be3 Bg7 7. f3 Nc6 8. Qd2 0-0 9. 0-0-0 Nxd4 10. Bxd4 a6 11. Nd5 Nxd5 12. Bxg7 Kxg7 13. exd5 b5 14. g4 Bb7 15. g5 Rc8 16. h4 f6 17. h5 Qc7 18. hxg6 hxg6 19. gxf6+ Rxf6 20. Qh6+ Kf7 21. Qh7+ Ke8 22. Qg8+ Rf8 23. Qxg6+ Kd8 24. Rh7 Qc5 25. Bh3 Rb8 26. Qe4 Re8 27. Bf5 Qc7 28. Re1 Bxd5 29. Qxd5 Qc5 30. Qe6 Kc7 31. Bg6 Red8 32. Qxe7+ Kb6 33. a3 Qc8 34. b4 Rb7 35. Qe3+ Kc6 36. Qc3+ Kb6 37. Qd4+ Kc6 38. Be4+ d5 39. Qc5# 1-0

[Event "Cologne Longerich op-B 11th"]
[Site "Cologne"]
[Date "2014.08.02"]
[Round "2"]
[White "Lin, David"]
[Black "Sewald, Kathrin"]
[Result "0-1"]
[WhiteElo "1146"]
[BlackElo "1463"]
[PlyCount "74"]
[EventDate "2014.08.01"]
[EventType "swiss"]
[EventRounds "5"]
[EventCountry "GER"]
[SourceTitle "EXT 2022"]
[Source "ChessBase"]
[SourceDate "2021.10.06"]
[SourceVersion "1"]
[SourceVersionDate "2021.10.06"]
[SourceQuality "1"]

1. e4 e5 2. Nf3 Nc6 3. Nc3 Nf6 4. Bc4 Bc5 5. d3 h6 6. Be3 Bb6 7. 0-0 d6 8. h3 Be6 9. Bb3 Qd7 10. Na4 Rg8 11. Nxb6 axb6 12. Bxe6 Qxe6 13. a3 g5 14. Nh2 h5 15. Kh1 g4 16. h4 Nd7 17. g3 d5 18. f3 dxe4 19. fxe4 0-0-0 20. Rf5 Rh8 21. Qd2 Ne7 22. Rf2 f6 23. Qc3 Rdf8 24. Nf1 Rhg8 25. Kg2 f5 26. Nd2 f4 27. gxf4 g3 28. Rf3 Ng6 29. Rh1 Qg4 30. Rxg3 Nxh4+ 31. Rxh4 Qxg3+ 32. Kf1 Qxh4 33. Nf3 Qh1+ 34. Ng1 Rxf4+ 35. Bxf4 Qxg1+ 36. Ke2 Rg2+ 37. Kf3 Qf2# 0-1

[Event "Cologne Longerich op 09th"]
[Site "Cologne"]
[Date "2012.08.05"]
[Round "5"]
[White "Plitt, Stefan"]
[Black "Lin, David"]
[Result "1/2-1/2"]
[WhiteElo "1652"]
[BlackElo "993"]
[PlyCount "83"]
[EventDate "2012.08.03"]
[EventType "tourn"]
[EventRounds "5"]
[EventCountry "GER"]
[SourceTitle "EXT 2017"]
[Source "ChessBase"]
[SourceDate "2016.10.25"]
[SourceVersion "1"]
[SourceVersionDate "2016.10.25"]
[SourceQuality "1"]

1. c4 e5 2. Nc3 Nc6 3. Nf3 Nf6 4. d3 Bc5 5. e3 d6 6. Be2 0-0 7. 0-0 Be6 8. Na4 Bb6 9. Nxb6 axb6 10. d4 exd4 11. exd4 Bg4 12. h3 Bh5 13. d5 Bxf3 14. Bxf3 Ne5 15. b3 Qd7 16. Bb2 Rfe8 17. Re1 Qf5 18. Bxe5 Rxe5 19. a4 Rae8 20. Rxe5 Qxe5 21. Ra2 Qe1+ 22. Qxe1 Rxe1+ 23. Kh2 Rb1 24. a5 bxa5 25. Rxa5 g6 26. Ra8+ Kg7 27. Rc8 Rxb3 28. Rxc7 Ne8 29. Rc8 Kf8 30. Bd1 Rb4 31. Kg3 Ke7 32. Kf4 Kd7 33. Rb8 Rxc4+ 34. Ke3 Rb4 35. f4 Nf6 36. Bf3 Rb3+ 37. Kd4 Rb4+ 38. Kc3 Rxf4 39. Rxb7+ Ke8 40. Rb8+ Ke7 41. Rb7+ Ke8 42. Rb8+ 1/2-1/2